000 00759nam a2200265Ia 4500
003 OSt
005 20220918223355.0
006 a|||||r|||| 00| 0
007 ta
008 220917b |||||||| |||| 00| 0 eng d
024 _a222,168
037 _cTextual
040 _aARTS
_cARTS
_beng
041 _2eng
_aeng
082 _aR6xN35z7, P3
100 _aBilimoria P. Ed.
_9145614
245 0 _aRelativism, suffering and beyond
_b Essays in memory of Bimal K. Matilal
250 _a2nd
260 _aNew Delhi
_bOxford Univ. press
_c2003
300 _ax, 385p
_ccm.
650 _aINDIAN PHILOSOPHY
700 _a Mohanty J.N. Ed.
942 _hR6xN35z7, P3
_cTEXL
_2CC
999 _c278288
_d278288